000 00543nam a22001937a 4500
003 OSt
005 20191029062623.0
008 180307b xxu||||| |||| 00| 0 spa d
020 _a9505201249
040 _cPJ
100 _aBorda, Guillermo A.
_94
245 1 0 _aManual de derechos reales /
_cGuillermo A. Borda.
250 _a4a. ed.
260 _aBuenos Aires :
_bPerrot,
_c1994.
300 _a765 p.
_brĂºstica
_c23 cm.
650 0 _9352
_aDERECHO CIVIL
650 0 _91821
_aDERECHOS REALES
942 _2udc
_cLIB
_h347.22(035)
_iHIG
999 _c1523
_d1523